Návrh ukazovateľov na ekonomické hodnotenie pôsobenia zamestnancov v podniku KNOTT spol. s r.o.

Enregistré dans:
Détails bibliographiques
Auteur principal: Slobodová, Anna (Auteur)
Autres auteurs: Homokyová, Mária (Directeur de thèse)
Format: Manuscrit Livre
Langue:slovaque
Publié: 2020
Sujets:
Accès en ligne:http://is.stuba.sk/zp/portal_zp.pl?podrobnosti=151945
Tags: Ajouter un tag
Pas de tags, Soyez le premier à ajouter un tag!

MARC

LEADER 00000ntm a22000003a 4500
001 stuzp79329
003 SK-STU
005 20200704212459.1
007 ta
008 150427s2015----xo-----f-mn---000-0-slo-d
040 |a STU  |b slo 
041 0 |a slo 
100 1 |a Slobodová, Anna  |u 064000  |k Z4  |4 aut  |U MTF Materiálovotechnologická fakulta  |T MTF Ústav priemyselného inžinierstva a manažmentu  |X 80426  |U M4000  |Y 84  |7 80426 
242 0 1 |a The proposal indicators for the economic evaluation of employees in the company Knott spol. s.r.o.  |y eng 
245 1 0 |a Návrh ukazovateľov na ekonomické hodnotenie pôsobenia zamestnancov v podniku KNOTT spol. s r.o. 
260 |c 2020 
650 4 |a zamestnanci  |2 slo 
650 4 |a ľudský kapitál  |2 slo 
650 4 |a hodnota zamestnancov  |2 slo 
650 4 |a ekonomické ukazovatele  |2 slo 
650 4 |a value of employees  |2 eng 
650 4 |a economic indicators  |2 eng 
650 4 |a human capital  |2 eng 
650 4 |a employees  |2 eng 
700 1 |a Homokyová, Mária  |u 064000  |k Z1  |4 ths  |U MTF Materiálovotechnologická fakulta  |T MTF Ústav priemyselného inžinierstva a manažmentu  |X 2756  |U M4000  |Y 84  |7 A000002756 
856 4 |u http://is.stuba.sk/zp/portal_zp.pl?podrobnosti=151945 
996 |c M* DP-14416  |l MMSKP  |s P  |a 0  |w stuzp79329_0001